000 01041nam a22002417a 4500
005 20240530110534.0
008 160328s2013 ua a g 000 0 ara d
017 _a2009/20884
_bمصر . دار الكتب المصرية
020 _a9789774950032
040 _aEG-CaGPL
082 0 4 _221
_a419\
_bا ل
100 0 _aالبدوى عبدالوهاب زهران .
245 1 2 _aاللغة العربية فى عصر الحروب الصليبية كما تمثلها كتب التاريخ /
_cتاليف البدراوى عبدالوهاب زهران .
250 _aط1.
260 _aالقاهرة :
_bدار العالم العربى ،
_c2013 .
300 _a456 ص ؛
_c24 سم .
490 0 _aصفحات من تاريخ الحروب الصليبية .
650 0 4 _aاللغة العربية
_xتاريخ .
650 0 4 _aاللغة العربية
_xتاريخ
_yعصر الحروب الصليبية
650 0 4 _aعصر الحروب الصليبية .
942 _2ddc
_cBK
999 _c62160
_d62160